<?xml version="1.0" encoding="UTF-8"?>
<record
    xmlns:xsi="http://www.w3.org/2001/XMLSchema-instance"
    xsi:schemaLocation="http://www.loc.gov/MARC21/slim http://www.loc.gov/standards/marcxml/schema/MARC21slim.xsd"
    xmlns="http://www.loc.gov/MARC21/slim">

  <leader>00598nam a22001817a 4500</leader>
  <controlfield tag="005">20250626162625.0</controlfield>
  <controlfield tag="008">250626b        |||||||| |||| 00| 0 eng d</controlfield>
  <datafield tag="020" ind1=" " ind2=" ">
    <subfield code="a">978-178583256-7</subfield>
  </datafield>
  <datafield tag="050" ind1=" " ind2=" ">
    <subfield code="a">LB2805 .H37 2018</subfield>
  </datafield>
  <datafield tag="100" ind1=" " ind2=" ">
    <subfield code="a">HARRIS, DAVID</subfield>
  </datafield>
  <datafield tag="245" ind1=" " ind2=" ">
    <subfield code="a">LEADERSHIP DIALOGUES II : LEADERSHIP IN TIMES OF CHANGE  </subfield>
  </datafield>
  <datafield tag="260" ind1=" " ind2=" ">
    <subfield code="a">WALES   </subfield>
    <subfield code="b">CROWN HOUSE PUBLISHING LIMITED</subfield>
    <subfield code="c"> 2018</subfield>
  </datafield>
  <datafield tag="300" ind1=" " ind2=" ">
    <subfield code="a">II, 206 P.: ILL</subfield>
  </datafield>
  <datafield tag="500" ind1=" " ind2=" ">
    <subfield code="a">INCLUDES BIBLIOGRAPHICAL REFERENCES </subfield>
  </datafield>
  <datafield tag="650" ind1=" " ind2=" ">
    <subfield code="a">1.	EDUCATIONAL LEADERSHIP. 2.	SCHOOL MANAGEMENT AND ORGANIZATION.</subfield>
  </datafield>
  <datafield tag="700" ind1=" " ind2=" ">
    <subfield code="a">WEST-BURNHAM, JOHN</subfield>
  </datafield>
  <datafield tag="942" ind1=" " ind2=" ">
    <subfield code="2">lcc</subfield>
    <subfield code="c">BK</subfield>
  </datafield>
  <datafield tag="999" ind1=" " ind2=" ">
    <subfield code="c">215801</subfield>
    <subfield code="d">215801</subfield>
  </datafield>
  <datafield tag="952" ind1=" " ind2=" ">
    <subfield code="0">0</subfield>
    <subfield code="1">0</subfield>
    <subfield code="2">lcc</subfield>
    <subfield code="4">0</subfield>
    <subfield code="6">LB2805 H37  02018</subfield>
    <subfield code="7">0</subfield>
    <subfield code="8">ARTS</subfield>
    <subfield code="9">372001</subfield>
    <subfield code="a">KSUL</subfield>
    <subfield code="b">KSUL</subfield>
    <subfield code="c">DISPLAY</subfield>
    <subfield code="d">2025-06-26</subfield>
    <subfield code="i">108724</subfield>
    <subfield code="l">0</subfield>
    <subfield code="o">LB2805 .H37 2018</subfield>
    <subfield code="p">000000020947</subfield>
    <subfield code="r">2025-06-26 16:27:03</subfield>
    <subfield code="t">1</subfield>
    <subfield code="w">2025-06-26</subfield>
    <subfield code="y">BK</subfield>
  </datafield>
  <datafield tag="952" ind1=" " ind2=" ">
    <subfield code="0">0</subfield>
    <subfield code="1">0</subfield>
    <subfield code="2">lcc</subfield>
    <subfield code="4">0</subfield>
    <subfield code="6">LB2805 H37  02018</subfield>
    <subfield code="7">0</subfield>
    <subfield code="8">ARTS</subfield>
    <subfield code="9">372002</subfield>
    <subfield code="a">KSUL</subfield>
    <subfield code="b">KSUL</subfield>
    <subfield code="c">DISPLAY</subfield>
    <subfield code="d">2025-06-26</subfield>
    <subfield code="i">108725</subfield>
    <subfield code="l">0</subfield>
    <subfield code="o">LB2805 .H37 2018</subfield>
    <subfield code="p">000000020946</subfield>
    <subfield code="r">2025-06-26 16:27:00</subfield>
    <subfield code="t">2</subfield>
    <subfield code="w">2025-06-26</subfield>
    <subfield code="y">BK</subfield>
  </datafield>
  <datafield tag="952" ind1=" " ind2=" ">
    <subfield code="0">0</subfield>
    <subfield code="1">0</subfield>
    <subfield code="2">lcc</subfield>
    <subfield code="4">0</subfield>
    <subfield code="6">LB2805 H37  02018</subfield>
    <subfield code="7">0</subfield>
    <subfield code="8">ARTS</subfield>
    <subfield code="9">372003</subfield>
    <subfield code="a">KSUL</subfield>
    <subfield code="b">KSUL</subfield>
    <subfield code="c">DISPLAY</subfield>
    <subfield code="d">2025-06-26</subfield>
    <subfield code="i">108726</subfield>
    <subfield code="l">0</subfield>
    <subfield code="o">LB2805 .H37 2018</subfield>
    <subfield code="p">000000020945</subfield>
    <subfield code="r">2025-06-26 16:27:00</subfield>
    <subfield code="t">3</subfield>
    <subfield code="w">2025-06-26</subfield>
    <subfield code="y">BK</subfield>
  </datafield>
  <datafield tag="952" ind1=" " ind2=" ">
    <subfield code="0">0</subfield>
    <subfield code="1">0</subfield>
    <subfield code="2">lcc</subfield>
    <subfield code="4">0</subfield>
    <subfield code="6">LB2805 H37  02018</subfield>
    <subfield code="7">0</subfield>
    <subfield code="8">ARTS</subfield>
    <subfield code="9">372004</subfield>
    <subfield code="a">KSUL</subfield>
    <subfield code="b">KSUL</subfield>
    <subfield code="c">DISPLAY</subfield>
    <subfield code="d">2025-06-26</subfield>
    <subfield code="i">108727</subfield>
    <subfield code="l">0</subfield>
    <subfield code="o">LB2805 .H37 2018</subfield>
    <subfield code="p">000000020944</subfield>
    <subfield code="r">2025-06-26 16:27:00</subfield>
    <subfield code="t">4</subfield>
    <subfield code="w">2025-06-26</subfield>
    <subfield code="y">BK</subfield>
  </datafield>
</record>
